000 00975nas a2200337 4500
001 BR0800952
003 BR-BrBNA
005 20231205111718.0
007 ta
008 230509b bl.|||p| |||| 00| 00por d
040 _aBR-BrBNA
_bpor
_cBiblioteca Nacional de Agricultura
041 _a(Pt)
072 _aL73
100 1 _aLima, C.G.R.D.
100 1 _aSalvarani, F.M.
100 1 _aGomes, A.M.
100 1 _aSilva, D. de F.M. da
100 1 _aAssis, R.A.
100 1 _aCosta, J.N.
100 1 _aLobato, F.C.F.
245 1 _aSurto de gangrena gasosa em rebanho de ovinos e caprinos
_bRelato de Caso
650 _aDOENÇA ANIMAL
650 _aSEPTICEMIA GANGRENOSA
650 _aOVINO
650 _aCAPRINO
650 _aBACTÉRIA
650 _aINFECÇÃO
773 0 _tCiência Veterinária nos Trópicos (Brazil)
_xISSN 1415-6326
_g(May-Dec 2006), v. 9(2-3) p. 106-109
_wBR0800952
909 _a202311
_bLúcia
_c55
_dLúcia Elande
942 _2AGRIS
_n0
_cANA
999 _c194093
_d194093